Chansons de Bon Jovi - Mort subite - Statistiques

Statistiques générales
  • Ce quiz a été pris 64 fois
  • Le résultat moyen est 9 sur 20
Answers on the Grid
Answers color-coded by a green-red scale on the quiz's grid according to % correct below.
Livin' On A Prayer
You Give Love A Bad Name
It's My Life
Wanted Dead Or Alive
Runaway
Lay Your Hands On Me
Living In Sin
Born To Be My Baby
Bad Medicine
Homebound Train
I'll Be There For You
Never Say Goodbye
Bed Of Roses
Keep The Faith
Dry County
Only Lonely
Shot Through The Heart
Thank You For Loving Me
This Ain't A Love Song
Something For The Pain
Wind Of Change
Still Loving You
Sweet Child O' Mine
Smells Like Teen Spirit
Rock You Like A Hurricane
Super Trouper
Bohemian Rhapsody
We Will Rock You
Too Much Love Will Kill You
Innuendo
Brother Louie
Believe In Love
 
Statistiques - réponses
Réponse % Correct
Livin' On A Prayer
82%
It's My Life
74%
You Give Love A Bad Name
74%
Runaway
64%
Bad Medicine
59%
Bed Of Roses
56%
Born To Be My Baby
54%
I'll Be There For You
54%
Wanted Dead Or Alive
51%
Keep The Faith
46%
This Ain't A Love Song
46%
Lay Your Hands On Me
41%
Living In Sin
41%
Never Say Goodbye
38%
Homebound Train
33%
Thank You For Loving Me
31%
Shot Through The Heart
28%
Dry County
23%
Only Lonely
21%
Something For The Pain
21%
Aucun quiz correspondant
Distribution des résultats
% des personnes avec chaque résultat
Percentile par nombre de réponses
Votre historique - résultats
Vous n’avez pas pris ce quiz